Statistics for Famous Scientists

Click here to take the quiz!

General Stats

  • This quiz has been taken 51 times
  • The average score is 6 of 9

Answer Stats

HintScientist% Correct
This Brit is known as "the Father of evolution"Charles Darwin
100%
This Polish radioactivity reasercher won a Nobel for Physics in 1903Marie Curie
98%
This Scottish biologist and botanist won a Nobel for discovering antibiotics ( penicillin G)Alexander Fleming
73%
This Serb physicist, engineer, futurist and inventor is best known for AC electricity supply systemNicola Tesla
71%
This British primatologist, anthropologist and ethologist is best known for her work with chimpanzees and animal welfareJane Goodall
66%
This scientific multitalent co-wrote and hosted the original 'Cosmos' in the 1980sCarl Sagan
49%
This astrophysicist hosted the remake of 'Cosmos'Neil deGrasse Tyson
39%
This Swedish botanist created binomial nomenclature and is therefore known as "the Father of modern taxonomy"Carl von Linné
34%
This English chemist and X-ray chrystallographer is known for structure of DNA (and RNA and viruses)Rosalind Franklin
24%

Score Distribution

Percentile by Number Answered

Percent of People with Each Score

Your Score History

You have not taken this quiz